The essential roles of the T7 endonuclease (gene 3) and the T7 exonuclease (gene 6) in recombination of bacteriophage D N A /

Saved in:
Bibliographic Details
Main Author: Lee, Marion A. 1947-
Format: Book
Language:English
Published: 1976.
Series:Canadian theses on microfiche ; no. 32506
Subjects:
LEADER 01083nam a2200277 a 4500
001 c000289839
003 CARM
005 20081217154719.0
008 081217s1976 bcca bm 000 0 eng d
019 1 |a 50075370  |5 LACONCORD2021 
035 |a (OCoLC)812549362  |5 LACONCORD2021 
040 |a VCAV  |b eng  |c VCAV 
082 0 4 |a 570 
100 1 |a Lee, Marion A.  |d 1947- 
245 1 4 |a The essential roles of the T7 endonuclease (gene 3) and the T7 exonuclease (gene 6) in recombination of bacteriophage D N A /  |c by Marion A. Lee. 
260 |c 1976. 
300 |a ix, 133 leaves :  |b ill. ;  |c 28 cm. 
490 0 |a Canadian theses on microfiche ;  |v no. 32506 
500 |a Thesis (Ph.D.)--University of British Columbia, 1977. 
504 |a Bibliography: leaves 123-133. 
650 0 |a Bacteriophages. 
650 0 |a Endonucleases. 
650 0 |a Exonucleases. 
852 8 |b CARM  |h A3:AD38E0  |i F05971  |p 0521344  |f BK 
999 f f |i 8b6003fa-29d1-56b3-9369-dc0e886e4baf  |s 67d69884-36da-5005-9a6c-2e901cdc870b 
952 f f |p Can circulate  |a CAVAL  |b CAVAL  |c CAVAL  |d CARM 1 Store  |e F05971  |f A3:AD38E0  |h Other scheme  |i book  |m 0521344